Reglamento de servicio y manejo para el personal de plantas de tratamiento de aguas residuales
Uloženo v:
| Korporativní autor: | |
|---|---|
| Médium: | Kniha |
| Jazyk: | španělština |
| Vydáno: |
Hennef
Asociación Técnica de Saneamiento
1989
|
| Témata: | |
| Tagy: |
Přidat tag
Žádné tagy, Buďte první, kdo vytvoří štítek k tomuto záznamu!
|
MARC
| LEADER | 00000nam a2200000 a 4500 | ||
|---|---|---|---|
| 001 | UCQ4993 | ||
| 003 | CL-VaPUC | ||
| 008 | 980921e19890000GW |||||||||||||||||spa|d | ||
| 082 | 0 | 4 | |a 628.1 |b ASO |2 21 |
| 110 | 2 | |a Asociación Técnica de Saneamiento |e author |9 419126 | |
| 245 | 1 | 0 | |a Reglamento de servicio y manejo para el personal de plantas de tratamiento de aguas residuales |
| 300 | |a 58 p | ||
| 942 | |c BK | ||
| 945 | |d 19980921 00:00:00 |a mvenant | ||
| 260 | |a Hennef |b Asociación Técnica de Saneamiento |c 1989 | ||
| 650 | 0 | |a Aguas residuales |9 262614 | |
| 650 | 7 | |a TRATAMIENTO DE AGUAS RESIDUALES |2 CL-VaPUC |9 419127 | |
| 650 | 7 | |a REGLAMENTOS |2 CL-VaPUC |9 259254 | |
| 583 | |a last modification |c 19980921 00:00:00 |k Rodrigo Vera | ||
| 999 | |c 275262 |d 275260 | ||
| 952 | |0 0 |1 0 |4 0 |6 628_100000000000000_ASO_1989 |7 0 |8 X |9 311893 |a BIBING |b BIBING |d 2019-11-20 |i 3439240 |o 628.1 ASO 1989 |p 3439240 |r 2025-01-20 |w 2019-11-20 |y BK_X |k EIB | ||